| 000 | 00533cam a22001932 4500 | ||
|---|---|---|---|
| 001 | 0000009408 | ||
| 005 | 20151217161140.0 | ||
| 008 | 081020s xx 000 0 eng d | ||
| 020 | _cDonation | ||
| 040 |
_aKABU _cKABU |
||
| 245 | 1 | 0 |
_aKenya : _btourism guide 2007/2008. |
| 250 | _a3rd ed. | ||
| 260 |
_aNairobi : _bKenya Postel Directories, _c2008. |
||
| 300 | _a240 p. | ||
| 650 | 0 |
_aTourism _xGuidebooks _zKenya. _@0000160833 |
|
| 908 | _a081020 | ||
| 950 | _@1 | ||
| 999 |
_c15084 _d15084 |
||